000 00669nam a22001817a 4500
999 _c371468
_d371468
008 201127b ||||| |||| 00| 0 eng d
040 _aDE-2950
_bger
_cDE-2950
_erda
041 _ager
245 _aFest eingebunden bei der Fanfarengarde.
_bSebastian Gürlebeck, Leiter der Majorettengruppe erhielt Ehrenamtspreis.
_cFoto: Winfried Mausolf
264 _c2022
653 _aFrankfurt (Oder)
653 _aFanfarengarde
773 _dFrankfurt (Oder) Märkisches Verlags- und Druckhaus GmbH & Co KG
_tMärkische Oderzeitung
_g33. Jahrgang (2022) Nr. 48 vom 26./27.02.2022, S. 15
942 _cA